Ballon d'or 2017 - Statistiques

Statistiques générales
  • Ce quiz a été pris 421 fois
    368 depuis la dernière actualisation
  • Le résultat moyen est 20 sur 30
Statistiques - réponses
Rang Joueurs Nationalité Points % Correct
1 Cristiano Ronaldo Portugal 946
100%
2 Lionel Messi Argentine 670
100%
3 Neymar Jr Brésil 361
100%
5 Luka Modrić Croatie 84
98%
9 Robert Lewandowski Pologne 45
91%
14 Kevin De Bruyne Belgique 25
89%
13 Luis Suárez Uruguay 27
88%
18 Antoine Griezmann France 17
86%
4 Gianluigi Buffon Italie 221
85%
11 Edinson Cavani Uruguay 32
84%
7 Kylian Mbappé France 48
83%
10 Harry Kane Angleterre 36
82%
23 Sadio Mané Sénégal 10
81%
19 Eden Hazard Belgique 16
79%
25 Karim Benzema France 8
78%
21 Pierre-Emerick Aubameyang Gabon 14
78%
6 Sergio Ramos Espagne 71
77%
8 N'Golo Kanté France 47
69%
28 Edin Džeko Bosnie-Herzégovine 2
64%
26 Jan Oblak Slovénie 4
58%
17 Toni Kroos Allemagne 20
58%
24 Radamel Falcao Colombie 9
57%
16 Marcelo Brésil 21
45%
15 Paulo Dybala Argentine 23
45%
Leonardo Bonucci Italie 14
39%
12 Isco Espagne 28
33%
20 David de Gea Espagne 15
18%
Dries Mertens Belgique 0
17%
27 Mats Hummels Allemagne 3
15%
29 Philippe Coutinho Brésil 0
15%
Aucun quiz correspondant
Distribution des résultats
% des personnes avec chaque résultat
Percentile par nombre de réponses
Votre historique - résultats
Vous n’avez pas pris ce quiz depuis la dernière actualisation